ბათუმის შოთა რუსთაველის სახელმწიფო უნივერსიტეტის ბიბლიოთეკა

ტელეფსიქიკა / (ბიბ.ჩანაწერი № 53871)

000 -ლიდერი
ფიქსირებული სიგრძის საკონტროლო ველი 01445nam a2200289Ia 4500
001 - საკონტროლო ნომერი
საკონტროლო ველი 20922
003 - საკონტროლო ნომრის იდენტიფიკატორი
საკონტროლო ველი GE_BSU
005 - ბოლო ოპერაციის თარიღი და დრო
საკონტროლო ველი 20221205170217.0
008 - ფიქსირებული სიგრძის მონაცემთა ელემენტები - ზოგადი ინფორმაცია
ფიქსირებული სიგრძის საკონტროლო ველი 181216s2015||||ge |||||||||||||| ||geo||
020 ## - წიგნის საერთაშორისო სტანდარტული ნომერი
International Standard Book Number 9789941078101
040 ## - კატალოგიზაციის წყარო
Transcribing agency GE_BSU
041 ## - ენის კოდი
Language code of text/sound track or separate title geo
080 ## - უნივერსალური ათობითი კლასიფიკაციის ინდექსი
Universal Decimal Classification number 159.96 მ–57
100 ## - მთავარი ჩანაწერი - პიროვნების სახელი
Personal name მერფი, ჯ. (ჯოზეფ)
9 (RLIN) 12132
245 ## - ცნობა სათაურის შესახებ
Title ტელეფსიქიკა /
Statement of responsibility, etc ჯოზეფ მერფი ; მთარგმნ.: ნინა და მარინა თურმანიძეები ; რედ. თამაზ თურმანიძე.
264 ## - წარმოების, გამოცემის, დისტრიბუციის და სხვა ცნობები
გამოცემის, წარმოების, დისტრიბუციის... ადგილი თბილისი :
გამოცემის, წარმოების, დისტრიბუციის... სახელწოდება პეგა,
გამოცემის, წარმოების, დისტრიბუციის... თარიღი 2015.
300 ## - ფიზიკური აღწერა
Extent 184 გვ.;
Other physical details 20 სმ.
653 ## - INDEX TERM--UNCONTROLLED
Uncontrolled term პიროვნული ზრდა–განვითარება.
653 ## - INDEX TERM--UNCONTROLLED
Uncontrolled term ტელეპათია. ფსიქიკური შესაძლებლობების განვითარება. ქვეცნობიერი
653 ## - INDEX TERM--UNCONTROLLED
Uncontrolled term ტელეფსიქიკა
653 ## - INDEX TERM--UNCONTROLLED
Uncontrolled term ფსიქოლოგია
700 ## - ADDED ENTRY--PERSONAL NAME
Personal name თურმანიძე, ნ. (ნინა)
Relator term მთარგმნელი
9 (RLIN) 16194
700 ## - ADDED ENTRY--PERSONAL NAME
Personal name თურმანიძე, მ. (მარინა)
Relator term მთარგმნელი
9 (RLIN) 16214
700 ## - ADDED ENTRY--PERSONAL NAME
Personal name თურმანიძე, თ. (თამაზ),
Relator term რედაქტორი.
9 (RLIN) 16196
942 ## - ADDED ENTRY ELEMENTS (KOHA)
Koha item type წიგნი
Source of classification or shelving scheme
ეგზემპლარები
ჩამოწერის სტატუსი დაკარგული ეგზემპლარის სტატუსი კლასიფიკაციის წყარო ან თაროზე გაწყობის სქემა დაზიანების სტატუსი არ გაიცემა მუდმივი მდებარეობა (დაცვის ადგილი) ამჟამინდელი ადგილსამყოფელი თაროზე განთავსების ადგილი შეძენის თარიღი ღირებულება, შესყიდვის ნორმალური ფასი სრული შენახვის შიფრი შტრიხკოდი ბოლო ოპერაციის თარიღი ფასის ძალაში შესვლის თარიღი ეგზემპლარის სახეობა საჯარო შენიშვნა
          ბათუმის შოთა რუსთაველის სახელმწიფო უნივერსიტეტის მთავარი ბიბლიოთეკა ბათუმის შოთა რუსთაველის სახელმწიფო უნივერსიტეტის მთავარი ბიბლიოთეკა წიგნსაცავი 2018-12-17 6.50 159.96 მ–57 54532 2018-12-17 2018-12-17 წიგნი 6ლ.50თ.